Central Library OPAC University of Rajshahi

An introduction to the Constitution of Pakistan / (Record no. 21928)

MARC details
000 -LEADER
fixed length control field 00720cam a22002531 4500
001 - CONTROL NUMBER
control field 21928
003 - CONTROL NUMBER IDENTIFIER
rucl marc code BD-RjUL
005 - DATE AND TIME OF LATEST TRANSACTION
control field 20211209000739.0
008 - FIXED-LENGTH DATA ELEMENTS--GENERAL INFORMATION
fixed length control field 140306s1957 pk 000 0 eng
020 ## - INTERNATIONAL STANDARD BOOK NUMBER
Terms of availability : PRs . 6/4
035 ## - SYSTEM CONTROL NUMBER
System control number (BD-RjUL)21993
System control number (OCoLC)17893424
040 ## - CATALOGING SOURCE
Original cataloging agency DLC
Transcribing agency WaU
Modifying agency DLC
-- BD-RjUL
Language of cataloging eng
041 ## - LANGUAGE CODE
Language code of text/sound track or separate title eng
082 04 - DEWEY DECIMAL CLASSIFICATION NUMBER
Classification number 342.547
Author mark and year RAI 1957
100 1# - MAIN ENTRY--PERSONAL NAME
Personal name Rahman, Mukhlesur.
9 (RLIN) 67701
245 13 - TITLE STATEMENT
Title An introduction to the Constitution of Pakistan /
Statement of responsibility, etc. Mukhlesur Rahman.
250 ## - EDITION STATEMENT
Edition statement [1st ed.]
260 ## - PUBLICATION, DISTRIBUTION, ETC. (IMPRINT)
Place of publication, distribution, etc. Dacca :
Name of publisher, distributor, etc. Book Corporation,
Date of publication, distribution, etc. 1957.
300 ## - PHYSICAL DESCRIPTION
Pagination 130, 81 p. ;
Size 23 cm.
650 ## - SUBJECT ADDED ENTRY--TOPICAL TERM
Topical term or geographic name as entry element Politics and government.
Chronological subdivision Pakistan
9 (RLIN) 142865
942 ## - ADDED ENTRY ELEMENTS (KOHA)
Source of classification or shelving scheme Dewey Decimal Classification
Koha item type Books
Holdings
Lost status Source of classification or shelving scheme Damaged status Not for loan Permanent Location Current Location Shelving location Date acquired Source of acquisition Cost, normal purchase price Total Checkouts Full call number Date last seen Copy number Koha item type Collection code
  Dewey Decimal Classification     Central Library, University of Rajshahi Central Library, University of Rajshahi   21/02/1964 mullick bro. 6.25   342.547 RAI 1957 06/03/2014 C-3 Books  
  Dewey Decimal Classification     Central Library, University of Rajshahi Central Library, University of Rajshahi   21/02/1964 mullick brothers, Dhaka 6.25   342.547 RAI 1957 02/08/2016 C-4 Books Non-fiction
  Dewey Decimal Classification   Not For Loan Central Library, University of Rajshahi Central Library, University of Rajshahi Reading Room 21/02/1964 Mullick brothers, Dhaka 6.25   342.547 RAI 1957 23/02/2017 C-1 Books Non-fiction